[Event "ETCC"]
[Site "Plovdiv"]
[Date "2003.10.17"]
[Round "6.17"]
[White "Mannion, Stephen R"]
[Black "Antoniou, Antonis"]
[Result "1-0"]
[WhiteElo "2348"]
[BlackElo "2208"]
[PlyCount "41"]
[EventDate "2003.10.17"]

1. d4 d6 2. e4 Nf6 3. Nc3 c6 4. f4 Qa5 5. e5 Ne4 6. Qf3 d5 7. Bd3 Na6 8. Nge2
g6 9. O-O Nxc3 10. bxc3 e6 11. c4 Bd7 12. Rb1 O-O-O 13. Be3 Nc7 14. c5 b6 15.
Rb3 bxc5 16. Rfb1 Be8 17. c4 cxd4 18. Nxd4 Na6 19. cxd5 exd5 {Diagram #} 20.
Bd2 Qa4 21. Bxa6+ 1-0

[Event "ETCC"]
[Site "Plovdiv"]
[Date "2003.10.17"]
[Round "6.17"]
[White "Theocharides, Constantinos"]
[Black "Muir, Andrew J"]
[Result "1/2-1/2"]
[WhiteElo "2105"]
[BlackElo "2294"]
[PlyCount "109"]
[EventDate "2003.10.17"]

1. e4 c5 2. Nf3 Nc6 3. d4 cxd4 4. Nxd4 Nf6 5. Nc3 d6 6. Be2 g6 7. O-O Bg7 8.
Nb3 O-O 9. Re1 a6 10. Bg5 h6 11. Bh4 b5 12. Bf1 g5 13. Bg3 b4 14. Nd5 Nd7 15.
h4 e6 16. Ne3 Nde5 17. hxg5 hxg5 18. Qd2 Qe7 19. Rad1 Rd8 20. Nc4 Nxc4 21. Bxc4
Bxb2 22. Bxd6 Qf6 23. Qe2 Be5 24. Bxe5 Qxe5 25. Rxd8+ Nxd8 26. Qe3 Bd7 27. Rd1
Bb5 28. Bxb5 axb5 29. Qb6 Qb8 30. Qc5 e5 31. Qe7 Ne6 32. Qf6 Qf8 33. Qxe5 Rxa2
34. Nd4 Qd8 35. Rd3 Ra1+ 36. Kh2 Qc7 37. Qxc7 Nxc7 38. Nc6 Re1 39. Nxb4 Rxe4
40. Nd5 Rh4+ 41. Kg3 Ne6 42. Ne7+ Kh7 43. Rd5 Rb4 44. Nc6 Rb2 45. Nd4 Nxd4 46.
Rxd4 Kg6 47. Rd5 f5 48. Rd6+ Kf7 49. Rb6 b4 50. Kf3 Ke7 51. Ke3 Rxc2 52. Rxb4
Ke6 53. Rb6+ Ke5 54. Rb5+ Kf6 55. Rb6+ 1/2-1/2

[Event "ETCC"]
[Site "Plovdiv"]
[Date "2003.10.17"]
[Round "6.17"]
[White "Upton, Timothy J"]
[Black "Klerides, Paris"]
[Result "1/2-1/2"]
[WhiteElo "2287"]
[BlackElo "2174"]
[PlyCount "48"]
[EventDate "2003.10.17"]

1. e4 c5 2. Nf3 d6 3. d4 cxd4 4. Nxd4 Nf6 5. Nc3 a6 6. Be2 e5 7. Nb3 Be7 8. O-O
O-O 9. Kh1 Qc7 10. f4 b5 11. fxe5 dxe5 12. Bg5 Nbd7 13. Bd3 Bb7 14. Qf3 b4 15.
Ne2 a5 16. Ng3 g6 17. Bh6 Rfe8 18. Rad1 Bf8 19. Bb5 Bc6 20. Bxc6 Qxc6 21. Bxf8
Rxf8 22. Rf2 a4 23. Nc1 Qe6 24. Rfd2 Ra6 1/2-1/2

[Event "ETCC"]
[Site "Plovdiv"]
[Date "2003.10.17"]
[Round "6.18"]
[White "Haznedaroglu, Kivanc"]
[Black "Zeidler, Sven P"]
[Result "1-0"]
[WhiteElo "2305"]
[BlackElo "2246"]
[PlyCount "83"]
[EventDate "2003.10.17"]

1. e4 d5 2. exd5 Qxd5 3. Nc3 Qe5+ 4. Be2 c6 5. d4 Qc7 6. Be3 Bf5 7. Qd2 e6 8.
Nf3 Nd7 9. Nh4 Bg6 10. Bf4 Bd6 11. Nxg6 hxg6 12. Bxd6 Qxd6 13. Ne4 Qe7 14.
O-O-O Ngf6 15. Ng5 O-O-O 16. h4 Nd5 17. c4 N5b6 18. Qa5 f6 19. Ne4 f5 20. Nc3
Rxh4 21. Rhe1 e5 22. dxe5 Qxe5 23. Qxa7 Rd4 24. Kb1 Kc7 25. Bf3 Rxd1+ 26. Rxd1
Nxc4 27. Be2 Ncb6 28. a4 Ra8 29. Rxd7+ Kxd7 30. Qxb6 Rb8 31. Qb3 Ke7 32. Qb4+
Kd7 33. a5 Kc7 34. Qb6+ Kd7 35. Bc4 Qe1+ 36. Ka2 Qe5 37. Na4 Qe7 38. a6 Ke8 39.
a7 Ra8 40. Nc5 Qd8 41. Qxb7 Qa5+ 42. Kb3 1-0

[Event "ETCC"]
[Site "Plovdiv"]
[Date "2003.10.17"]
[Round "6.2"]
[White "Tiviakov, Sergei"]
[Black "Smirin, Ilia"]
[Result "1-0"]
[WhiteElo "2601"]
[BlackElo "2670"]
[PlyCount "47"]
[EventDate "2003.10.17"]

1. e4 c5 2. Nc3 Nc6 3. Nge2 Nf6 4. d4 cxd4 5. Nxd4 e5 6. Ndb5 d6 7. Bg5 a6 8.
Na3 b5 9. Nd5 Be7 10. Bxf6 Bxf6 11. c3 O-O 12. Nc2 Bg5 13. a4 bxa4 14. Rxa4 a5
15. Bb5 Ne7 16. Nxe7+ Qxe7 17. Nb4 Be6 18. Bc6 Rac8 19. Rxa5 Rxc6 20. Nxc6 Qc7
21. Ra6 Qb7 22. Qxd6 Bc4 23. Rb6 Qa8 24. Qxf8+ 1-0

[Event "ETCC"]
[Site "Plovdiv"]
[Date "2003.10.17"]
[Round "6.7"]
[White "Pavasovic, Dusko"]
[Black "Hector, Jonny"]
[Result "1-0"]
[WhiteElo "2586"]
[BlackElo "2515"]
[PlyCount "207"]
[EventDate "2003.10.17"]

1. e4 e5 2. Nf3 Nc6 3. Bc4 Nf6 4. Ng5 d5 5. exd5 Na5 6. Bb5+ Bd7 7. Qe2 Be7 8.
Nc3 O-O 9. O-O Bg4 10. f3 Bh5 11. Qxe5 Bg6 12. Nge4 a6 13. Be2 b5 14. a3 Nd7
15. Qd4 f5 16. d6 cxd6 17. Ng3 Bf6 18. Qxd6 Be5 19. Qe6+ Kh8 20. f4 Bd4+ 21.
Kh1 Nf6 22. Bf3 Re8 23. Qa2 h5 24. d3 Bxc3 25. bxc3 h4 26. Ne2 Ra7 27. Nd4 Nh5
28. Bxh5 Bxh5 29. h3 Bf7 30. Qb1 Bd5 31. Bd2 Nc6 32. Qd1 Nxd4 33. cxd4 Rae7 34.
Qh5+ Kg8 35. Rf2 Bf7 36. Qf3 Qxd4 37. Raf1 Bd5 38. Bc3 Qc5 39. Bb4 Qc6 40. Qh5
Re6 41. Kh2 Rg6 42. Rg1 Qf6 43. Bc3 Qb6 44. Re2 Rxe2 45. Qxe2 Qd6 46. Qe8+ Kh7
47. Be5 Qc6 48. Qxc6 Rxc6 49. c3 Rg6 50. g3 Bf3 51. gxh4 Rxg1 52. Kxg1 Be2 53.
d4 Bc4 54. h5 a5 55. Kf2 a4 56. Kg3 g6 57. hxg6+ Kxg6 58. Kf2 Kh5 59. Bf6 Kg6
60. Bd8 Kh5 61. Ke3 Kg6 62. Kf3 Kh5 63. Kg3 Kg6 64. Kh4 Kh6 65. Be7 Kg6 66. Bf8
Bd5 67. c4 bxc4 68. Bb4 Bf7 69. Bc3 Bd5 70. Kg3 Kh5 71. Be1 Bc6 72. Kh2 Kg6 73.
Kg1 Kf6 74. Kf2 Ke6 75. Ke3 Kd5 76. Bf2 Be8 77. Be1 Bf7 78. Bb4 Be8 79. Ba5 Bf7
80. Be1 Be8 81. Bf2 Bf7 82. h4 Be8 83. Be1 Bf7 84. Bd2 Be8 85. Bb4 Bh5 86. Bc5
Bf7 87. Ba7 Bh5 88. Bc5 Be8 89. Kd2 Ke4 90. Kc3 Bf7 91. Bd6 Kd5 92. Bb8 Bh5 93.
Be5 Bf7 94. Kb4 Ke4 95. d5 Kxd5 96. Kxa4 Kc5 97. Ka5 Bh5 98. Bc3 Bd1 99. a4 Bh5
100. Ka6 Kc6 101. Ka7 Bd1 102. a5 Kc7 103. a6 Kc6 104. Kb8 1-0

[Event "ETCC"]
[Site "Plovdiv"]
[Date "2003.10.17"]
[Round "6.12"]
[White "Neubauer, Martin"]
[Black "Kallio, Heikki"]
[Result "1-0"]
[WhiteElo "2434"]
[BlackElo "2493"]
[PlyCount "113"]
[EventDate "2003.10.17"]

1. e4 c5 2. c3 Nf6 3. e5 Nd5 4. d4 cxd4 5. Nf3 Nc6 6. Bc4 Nb6 7. Bb3 g6 8. Ng5
d5 9. exd6 e6 10. Qf3 Ne5 11. Qe4 Bxd6 12. cxd4 Nc6 13. Nf3 a5 14. a4 Be7 15.
Nc3 Bd7 16. Bh6 Nb4 17. Ne5 Bc6 18. Qf4 Bf6 19. Rd1 Rg8 20. Bg5 Nd7 21. O-O h6
22. Bxf6 Qxf6 23. Qe3 O-O-O 24. Nxf7 Qxf7 25. Bxe6 Qg7 26. d5 Rh8 27. dxc6 Nxc6
28. Nb5 Kb8 29. Bd5 Qe5 30. Qxe5+ Ncxe5 31. f4 Ng4 32. Be6 Ngf6 33. Bf7 Nc5 34.
b3 b6 35. Bxg6 Nxb3 36. Nd6 Nc5 37. Nf7 Rxd1 38. Rxd1 Rg8 39. f5 h5 40. Rd6
Nce4 41. Rxb6+ Ka7 42. Rb5 Rc8 43. Rxa5+ Kb6 44. Rb5+ Ka6 45. Rb1 Rc2 46. Ne5
Nc3 47. Re1 h4 48. Nd3 Ka5 49. Nf4 Rd2 50. Nh5 Ng4 51. h3 Ne2+ 52. Kh1 Nf2+ 53.
Kh2 Nd4 54. f6 Nf3+ 55. gxf3 Nd3+ 56. Kg1 Nxe1 57. Be4 1-0

[Event "ETCC"]
[Site "Plovdiv"]
[Date "2003.10.17"]
[Round "6.13"]
[White "Kristjansson, Stefan"]
[Black "Cvitan, Ognjen"]
[Result "0-1"]
[WhiteElo "2403"]
[BlackElo "2516"]
[PlyCount "63"]
[EventDate "2003.10.17"]

1. e4 c5 2. Nc3 Nc6 3. f4 g6 4. Nf3 Bg7 5. a3 d6 6. Bb5 Bd7 7. O-O Nf6 8. Bc4
O-O 9. d3 Rc8 10. h3 Nd4 11. Be3 b5 12. Ba2 Nxf3+ 13. Qxf3 Bc6 14. Qf2 a5 15.
Rae1 b4 16. Nd1 Nd7 17. g4 Bb5 18. axb4 axb4 19. Qe2 Qc7 20. Bc4 Qb7 21. Bf2
Nb8 22. e5 Bxc4 23. dxc4 dxe5 24. fxe5 Nc6 25. Qe4 Qc7 26. Bxc5 Nxe5 27. Bxb4
Nxc4 28. Kh1 Rfd8 29. c3 Nd2 30. Qxe7 Qc6+ 31. Kg1 Nxf1 32. Rxf1 0-1

[Event "ETCC"]
[Site "Plovdiv"]
[Date "2003.10.17"]
[Round "6.14"]
[White "Van Der Stricht, Geert"]
[Black "Atalik, Suat"]
[Result "0-1"]
[WhiteElo "2468"]
[BlackElo "2570"]
[PlyCount "114"]
[EventDate "2003.10.17"]

1. d4 Nf6 2. c4 e6 3. Nf3 d5 4. Nc3 Bb4 5. Qa4+ Nc6 6. Bg5 h6 7. Bxf6 Qxf6 8.
Ne5 Bd7 9. Nxc6 Bxc3+ 10. bxc3 Bxc6 11. Qb4 dxc4 12. e3 O-O-O 13. Qxc4 Rd5 14.
e4 Ra5 15. Qb4 b6 16. Bd3 Qg6 17. O-O Bxe4 18. Bxe4 Qxe4 19. Qe7 Qf4 20. a4 Rd8
21. g3 Qf3 22. Ra3 h5 23. h4 Qf6 24. Qxf6 gxf6 25. Kg2 Kd7 26. Rb1 Ke7 27. Kf3
Rdd5 28. Ke3 c5 29. Ra2 Kd7 30. Ke4 f5+ 31. Ke3 Ke7 32. Raa1 Kd6 33. Rd1 f6 34.
f4 cxd4+ 35. cxd4 Ra6 36. Rdc1 Rda5 37. Rc4 Kd5 38. Kd3 b5 39. Rc5+ Kd6 40.
axb5 Rxa1 41. bxa6 Rxa6 42. Rc3 Ra1 43. Rb3 Ra5 44. Kc4 Ra4+ 45. Kd3 a6 46. Rc3
a5 47. Ke3 Rb4 48. Rc5 Rb3+ 49. Kf2 a4 50. Ra5 a3 51. Kg2 Kc6 52. Kh3 Kb6 53.
Ra8 Kb5 54. Kg2 Kc4 55. Ra6 Kc3 56. Rxe6 a2 57. Ra6 Kb2 0-1

[Event "ETCC"]
[Site "Plovdiv"]
[Date "2003.10.17"]
[Round "6.14"]
[White "Bistric, Faruk"]
[Black "Dutreeuw, Marc"]
[Result "0-1"]
[WhiteElo "2503"]
[BlackElo "2321"]
[PlyCount "58"]
[EventDate "2003.10.17"]

1. c4 e6 2. Nc3 d5 3. d4 Be7 4. Nf3 Nf6 5. Bg5 O-O 6. e3 h6 7. Bh4 b6 8. Rc1
Bb7 9. cxd5 Nxd5 10. Nxd5 Bxd5 11. Bxe7 Qxe7 12. Bd3 Rc8 13. O-O c5 14. Ne5 Nd7
15. Nxd7 Qxd7 16. dxc5 Rxc5 17. Rxc5 bxc5 18. Bb1 Qb7 19. Qc2 Bxg2 20. Qh7+ Kf8
21. Rc1 f5 22. Qg6 Qxb2 23. Rd1 Qe2 24. Bc2 Be4 25. Ba4 Qf3 26. Kf1 Qh1+ 27.
Qg1 Bg2+ 28. Ke2 Bf3+ 29. Kd3 Rd8+ 0-1

[Event "ETCC"]
[Site "Plovdiv"]
[Date "2003.10.17"]
[Round "6.15"]
[White "Weber, Jean-Marie"]
[Black "Flear, Glenn C"]
[Result "1/2-1/2"]
[WhiteElo "2186"]
[BlackElo "2516"]
[PlyCount "142"]
[EventDate "2003.10.17"]

1. d4 d5 2. c4 e6 3. Nc3 c6 4. cxd5 exd5 5. Bf4 Bf5 6. e3 Nf6 7. Nge2 Qb6 8.
Qd2 Nbd7 9. Ng3 Bg6 10. Be2 Be7 11. O-O h6 12. Rac1 a5 13. h4 O-O 14. h5 Bh7
15. Bd3 Bxd3 16. Qxd3 Rfe8 17. Rc2 a4 18. Qd1 Bf8 19. Nf5 Re6 20. g4 Qa5 21. a3
Nh7 22. f3 Kh8 23. e4 dxe4 24. fxe4 Ndf6 25. e5 Nd5 26. Bd2 Nxc3 27. Bxc3 Qd5
28. Ne3 Qe4 29. Qf3 Qxf3 30. Rxf3 Ng5 31. Rf1 Rd8 32. Kg2 Rd7 33. Rf4 Re8 34.
Rcf2 Kg8 35. Rd2 Ne6 36. Re4 Nc7 37. d5 cxd5 38. Rxa4 f6 39. Ra5 fxe5 40. Nxd5
Red8 41. Nxc7 Rxd2+ 42. Bxd2 Rxd2+ 43. Kf3 Rxb2 44. a4 Rb4 45. Nd5 Rd4 46. Ne3
Rf4+ 47. Kg3 b6 48. Ra7 Rf7 49. Ra8 Kh7 50. Nd5 Bc5 51. a5 bxa5 52. Rxa5 Bf2+
53. Kg2 e4 54. Ra2 Ba7 55. Re2 Rd7 56. Nb4 e3 57. Nc2 Re7 58. Kf3 Rf7+ 59. Kg3
Rf2 60. Rxf2 exf2 61. Kg2 Bc5 62. Na1 Kg8 63. Nb3 Be3 64. Na5 Kf7 65. Nc4 Bc5
66. Nd2 Ba7 67. Ne4 Ke6 68. Nxf2 Ke5 69. Nh1 Kf4 70. Kh3 Bd4 71. Ng3 Ba1
1/2-1/2

[Event "ETCC"]
[Site "Plovdiv"]
[Date "2003.10.17"]
[Round "6.5"]
[White "Gagunashvili, Merab"]
[Black "Romero Holmes, Alfonso"]
[Result "1-0"]
[WhiteElo "2582"]
[BlackElo "2544"]
[PlyCount "79"]
[EventDate "2003.10.17"]

1. d4 Nf6 2. c4 g6 3. Nf3 Bg7 4. g3 e6 5. Bg2 d5 6. O-O O-O 7. Nc3 b6 8. cxd5
exd5 9. Bf4 Bb7 10. Rc1 Na6 11. Nb5 Ne8 12. Ne5 c5 13. dxc5 bxc5 14. Nc4 Bc6
15. Nbd6 Nb4 16. Nxe8 Qxe8 17. Nd6 Qd7 18. a3 Na6 19. Bxd5 Rad8 20. b4 Bxd5 21.
Qxd5 cxb4 22. Qa5 Nb8 23. Qxb4 Nc6 24. Qe4 Nd4 25. Rfd1 Qa4 26. Rd3 Rfe8 27.
Nxe8 Rxe8 {Diagram #} 28. Rxd4 Bxd4 29. Qd3 Bb6 30. Rc4 Qa5 31. Bd2 Qe5 32. Bc3
Qe6 33. Bb2 f6 34. e3 Rd8 35. Qc2 Bxe3 36. Re4 Bxf2+ 37. Kxf2 Qf5+ 38. Kg2 Rc8
39. Qb3+ Kg7 40. Bxf6+ 1-0

[Event "ETCC"]
[Site "Plovdiv"]
[Date "2003.10.17"]
[Round "6.6"]
[White "Baklan, Vladimir"]
[Black "Dautov, Rustem"]
[Result "1-0"]
[WhiteElo "2600"]
[BlackElo "2610"]
[PlyCount "65"]
[EventDate "2003.10.17"]

1. e4 c6 2. d4 d5 3. e5 Bf5 4. Nc3 h5 5. Bd3 Bxd3 6. Qxd3 e6 7. Nf3 Qb6 8. O-O
Qa6 9. Qd1 Nd7 10. Ne2 Ne7 11. Bg5 Ng6 12. c3 c5 13. h3 Be7 14. Re1 Rc8 15. Qd2
f6 16. exf6 gxf6 {Diagram #} 17. Nh4 Ndf8 {Diagram #} 18. Nf4 Nxf4 19. Bxf4 Kf7
20. dxc5 Bxc5 21. Be3 Nd7 22. Bd4 Bxd4 23. cxd4 Qd6 24. Rac1 Nb6 25. Qd3 Rh6
26. Qe3 Rhh8 27. Rc5 Rc6 28. Qd3 Rh6 29. Rec1 Rxc5 30. Rxc5 f5 31. Qd2 Rh8 32.
Qg5 Qe7 {Diagram #} 33. Qxe7+ 1-0

[Event "ETCC"]
[Site "Plovdiv"]
[Date "2003.10.17"]
[Round "6.10"]
[White "Kulaots, Kaido"]
[Black "Delchev, Aleksander"]
[Result "0-1"]
[WhiteElo "2530"]
[BlackElo "2603"]
[PlyCount "92"]
[EventDate "2003.10.17"]

1. e4 e5 2. Nf3 Nc6 3. d4 exd4 4. Nxd4 Nf6 5. Nxc6 bxc6 6. e5 Qe7 7. Qe2 Nd5 8.
c4 Nb6 9. Nd2 a5 10. g3 Qe6 11. b3 a4 12. Bb2 Bb4 13. Bg2 O-O 14. O-O d5 15.
cxd5 cxd5 16. Rfc1 Ba6 17. Qd1 c5 18. Nf3 Rac8 19. h4 a3 20. Bc3 Bxc3 21. Rxc3
d4 22. Rcc1 Nd5 23. Qd2 Nc3 24. Re1 h6 25. Kh2 Rcd8 26. Qf4 Ne2 27. Qd2 d3 28.
Qe3 c4 29. bxc4 Qxc4 30. Red1 Rfe8 31. Rd2 Rb8 32. Rad1 Nc3 33. Rc1 Rb2 34. Bf1
Nd5 35. Qe1 Qxa2 36. Ra1 Qb3 37. Bg2 Nb4 38. Qe4 Nc2 39. Rad1 a2 40. Nd4 Nxd4
41. Qxd4 Rb1 42. Bd5 {Diagram #} 42... Qxd5 43. Qxd5 a1=Q 44. Ra2 Rxd1 45. Rxa1
Rxa1 46. Qc6 Rxe5 0-1

[Event "ETCC"]
[Site "Plovdiv"]
[Date "2003.10.17"]
[Round "6.11"]
[White "Godena, Michele"]
[Black "Papaioannou, Ioannis"]
[Result "1/2-1/2"]
[WhiteElo "2523"]
[BlackElo "2577"]
[PlyCount "113"]
[EventDate "2003.10.17"]

1. e4 c6 2. d4 d5 3. Nd2 dxe4 4. Nxe4 Nd7 5. Bc4 Ngf6 6. Ng5 e6 7. Qe2 Nb6 8.
Bd3 h6 9. N5f3 c5 10. dxc5 Bxc5 11. Ne5 Nbd7 12. Ngf3 Qc7 13. O-O O-O 14. Bf4
Bd6 15. Rfe1 Nxe5 16. Bxe5 Bxe5 17. Qxe5 Qxe5 18. Nxe5 Rd8 19. Rad1 Bd7 20.
Nxd7 Rxd7 21. Kf1 Kf8 22. c3 Ke7 23. Bc2 Rxd1 24. Rxd1 Rc8 25. Rd4 Rc5 26. Bd3
g5 27. Rc4 Rxc4 28. Bxc4 Kd6 29. Be2 b6 30. Ke1 Ke5 31. g3 Ne4 32. Bh5 f5 33.
Be8 Nf6 34. Bc6 Ng4 35. h3 Nf6 36. Ke2 f4 37. g4 Kd6 38. Bb7 Nd7 39. b4 Ne5 40.
Ba6 Kd5 41. f3 Kd6 42. Bb7 a5 43. Be4 Kc7 44. Kd2 Kb8 45. Kc2 Ka7 46. Kb3 Ka6
47. a3 b5 48. a4 bxa4+ 49. Kxa4 axb4 50. cxb4 Nf7 51. Kb3 Nd6 52. Bd3+ Kb6 53.
Kc3 e5 54. Bc2 Kc6 55. Ba4+ Kb6 56. Kd3 Kc7 57. Bb3 1/2-1/2

[Event "ETCC"]
[Site "Plovdiv"]
[Date "2003.10.17"]
[Round "6.13"]
[White "Zelcic, Robert"]
[Black "Thorfinnsson, Bragi"]
[Result "1/2-1/2"]
[WhiteElo "2552"]
[BlackElo "2388"]
[PlyCount "119"]
[EventDate "2003.10.17"]

1. e4 c5 2. Nf3 d6 3. d4 cxd4 4. Nxd4 Nf6 5. Nc3 Nc6 6. Bg5 e6 7. Qd2 a6 8.
O-O-O Bd7 9. f4 h6 10. Bh4 Qc7 11. Kb1 Be7 12. Nf3 O-O-O 13. Bd3 Be8 14. Rhe1
Nd7 15. Bf2 Nc5 16. Qe2 Kb8 17. a3 g5 {Diagram #} 18. Nd5 exd5 19. exd5 Bf6 20.
dxc6 Bxc6 21. Qd2 g4 22. Bd4 gxf3 23. Bxf6 Nxd3 24. Qxd3 fxg2 25. Bxh8 Rxh8 26.
Qg3 Rc8 27. Rd2 f5 28. Rxg2 Bxg2 29. Qxg2 Qc4 30. Qf2 Rg8 31. h3 Qd5 32. Qh4
Qd2 33. Rc1 h5 34. b3 Rg2 35. a4 Ka7 36. Qxh5 Qxf4 37. Qh8 Qe3 38. Qf6 f4 39.
Rf1 Rg1 40. Rxg1 Qxg1+ 41. Kb2 Qe3 42. h4 f3 43. h5 f2 44. h6 Qe5+ 45. Qxe5
dxe5 46. h7 f1=Q 47. h8=Q Qe1 48. Qc8 e4 49. Qc5+ Kb8 50. b4 Qg3 51. Qe7 Qf4
52. Qd8+ Ka7 53. Qd4+ Kb8 54. b5 axb5 55. axb5 Kc7 56. c4 Qf3 57. Qc5+ Kd7 58.
Qd5+ Kc7 59. Qc5+ Kd7 60. Qd5+ 1/2-1/2

[Event "ETCC"]
[Site "Plovdiv"]
[Date "2003.10.17"]
[Round "6.16"]
[White "Genov, Petar"]
[Black "Kelly, Brian"]
[Result "0-1"]
[WhiteElo "2494"]
[BlackElo "2487"]
[PlyCount "122"]
[EventDate "2003.10.17"]

1. d4 d5 2. c4 c6 3. Nf3 Nf6 4. Nc3 a6 5. a4 e6 6. Bg5 Nbd7 7. cxd5 exd5 8. e3
Be7 9. Bd3 O-O 10. Qc2 Re8 11. O-O a5 12. Rae1 Nf8 13. Ne5 Ng4 14. Bxe7 Rxe7
15. f4 f6 16. Nxg4 Bxg4 17. f5 Bh5 18. Rf4 Qb6 19. Qf2 Rae8 20. Bb1 Bf7 21. Ba2
Qb4 22. Re2 Nd7 23. e4 dxe4 24. Bxf7+ Kxf7 25. Rfxe4 Rxe4 26. Nxe4 Kg8 27. h3
Qxa4 28. Kh2 Qc4 29. Re3 Qd5 30. Qf4 Kh8 31. Nc3 Qf7 32. Rg3 Nb6 33. Ne4 Nd5
34. Qg4 Qc7 35. Kh1 Re7 36. b3 b6 37. Rf3 h6 38. Qh4 Re8 39. Qg4 Qd8 40. Rg3
Re7 41. Kg1 Qb8 42. Rf3 Nb4 43. Qh4 Qd8 44. Ng3 Re1+ 45. Kh2 Qd6 46. Rf4 Nd5
47. Re4 Rxe4 48. Qxe4 Qe7 49. Qc2 Nb4 50. Qf2 b5 51. Qf4 Qd8 52. Nh5 Nd5 53.
Qc1 Qd6+ 54. Kh1 Ne7 55. Qe1 Nxf5 56. Qxa5 Qxd4 57. Qe1 Qe3 58. Qd1 c5 59. Qd8+
Kh7 60. Qd7 Qg5 61. Qd1 Qxh5 0-1

[Event "ETCC"]
[Site "Plovdiv"]
[Date "2003.10.17"]
[Round "6.18"]
[White "Spice, Alan"]
[Black "Atakisi, Umut"]
[Result "1/2-1/2"]
[WhiteElo "2181"]
[BlackElo "2311"]
[PlyCount "87"]
[EventDate "2003.10.17"]

1. f4 d5 2. Nf3 g6 3. e3 Bg7 4. Be2 Nf6 5. O-O O-O 6. d3 c5 7. Qe1 Nc6 8. a4
Qc7 9. Nc3 e5 10. e4 dxe4 11. dxe4 Nd4 12. Bd1 Nxf3+ 13. Bxf3 exf4 14. Qh4 Be6
15. Bxf4 Qb6 16. Rab1 Nd7 17. Nd5 Bxd5 18. exd5 Qb4 19. Bg5 Qxh4 20. Bxh4 Ne5
21. Be7 Nxf3+ 22. Rxf3 Rfe8 23. d6 Bf8 24. Bxf8 Rxf8 25. d7 Rad8 26. Rd1 f5 27.
Rb3 b6 28. a5 Rf6 29. axb6 axb6 30. Ra3 Re6 31. Kf2 Kf7 32. Ra7 Ke7 33. Rb7 Rc6
34. c4 Re6 35. b3 Rc6 36. Rd5 Re6 37. h4 Kf6 38. Kf3 h5 39. g3 Ke7 40. Rd3 Kf6
41. Rd5 Ke7 42. Rd3 Kf6 43. Rd5 Ke7 44. Rd3 1/2-1/2

[Event "ETCC"]
[Site "Plovdiv"]
[Date "2003.10.17"]
[Round "6.18"]
[White "Trevelyan, John"]
[Black "Bayram, Yakup"]
[Result "0-1"]
[WhiteElo "2150"]
[BlackElo "2306"]
[PlyCount "108"]
[EventDate "2003.10.17"]

1. e4 e5 2. Nf3 Nf6 3. d3 Nc6 4. Be2 Be7 5. O-O O-O 6. c3 d5 7. Nbd2 a5 8. h3
h6 9. Nh2 Be6 10. Ng4 Qd7 11. Nxf6+ Bxf6 12. Bg4 Be7 13. Bxe6 Qxe6 14. Nf3 f5
15. Qe2 Rad8 16. Re1 fxe4 17. dxe4 d4 18. Bd2 Bc5 19. Qb5 b6 20. Qb3 Qxb3 21.
axb3 dxc3 22. Bxc3 Nd4 23. Nxd4 Bxd4 24. Re2 c5 25. Be1 Rd7 26. Kf1 Kf7 27. f3
g5 28. Rd1 Kg6 29. Rd3 h5 30. Bf2 g4 31. Bxd4 gxh3 32. gxh3 Rxd4 33. Rxd4 cxd4
34. Rg2+ Kf6 35. Ke2 Rc8 36. Kd2 Rc7 37. h4 Rg7 38. Rxg7 Kxg7 39. Kd3 Kf6 40.
b4 a4 41. Kc4 Ke6 42. Kd3 Kd6 43. Kc4 Kc6 44. b5+ Kd6 45. Kb4 d3 46. Kc3 Kc5
47. Kxd3 Kxb5 48. Ke3 Kc5 49. f4 exf4+ 50. Kxf4 b5 51. Kg5 b4 52. e5 a3 53.
bxa3 bxa3 54. e6 Kd6 0-1

[Event "ETCC"]
[Site "Plovdiv"]
[Date "2003.10.17"]
[Round "6.7"]
[White "Borisek, Jure"]
[Black "Brynell, Stellan"]
[Result "1/2-1/2"]
[WhiteElo "2445"]
[BlackElo "2462"]
[PlyCount "100"]
[EventDate "2003.10.17"]

1. e4 e6 2. d4 d5 3. Nd2 c5 4. exd5 exd5 5. Ngf3 a6 6. c4 Nf6 7. cxd5 Nxd5 8.
Bc4 Nc6 9. Qe2+ Be6 10. O-O b5 11. Bb3 c4 12. Bc2 Be7 13. Ne4 Bg4 14. Rd1 O-O
15. Nc3 Ncb4 16. Be4 Re8 17. a3 Nxc3 18. bxc3 Nd5 19. Qc2 f5 20. Bxf5 Bxf5 21.
Qxf5 Nxc3 22. Re1 Bf6 23. Bd2 Qd5 24. Qxd5+ Nxd5 25. Kf1 c3 26. Be3 a5 27. Reb1
b4 28. Ke2 Reb8 29. axb4 axb4 30. Rxa8 Rxa8 31. Kd3 Kf7 32. Ne1 Ra2 33. Kc4 Ke6
34. Nd3 Be7 35. Re1 Nxe3+ 36. Rxe3+ Kd7 37. Re1 Bd6 38. g3 g5 39. h3 h5 40. Rb1
g4 41. hxg4 hxg4 42. Rh1 Rd2 43. Ra1 c2 44. Rc1 Rxd3 45. Kxd3 b3 46. Kc3 Ba3
47. Kxb3 Bxc1 48. Kxc2 Ba3 49. Kd3 Ke6 50. Ke4 Bb4 1/2-1/2

[Event "ETCC"]
[Site "Plovdiv"]
[Date "2003.10.17"]
[Round "6.8"]
[White "Georgiev, Kiril"]
[Black "Damljanovic, Branko"]
[Result "1/2-1/2"]
[WhiteElo "2651"]
[BlackElo "2589"]
[PlyCount "114"]
[EventDate "2003.10.17"]

1. d4 Nf6 2. c4 g6 3. Nc3 Bg7 4. e4 d6 5. Nf3 O-O 6. Be2 e5 7. O-O Na6 8. Be3
Ng4 9. Bg5 Qe8 10. dxe5 dxe5 11. h3 f6 12. Bd2 Nh6 {Diagram #} 13. c5 Nxc5 14.
Qc1 Nf7 15. Nd5 Ne6 16. Nxc7 Nxc7 17. Qxc7 Nd8 18. Rfc1 Be6 19. b4 Rf7 20. Qa5
Nc6 21. Qa3 Bf8 22. Qb2 a6 23. a4 Rd7 24. b5 Nd8 25. Be3 Nf7 26. Nd2 Nd6 27.
bxa6 bxa6 28. a5 Rb7 29. Bb6 Nb5 30. Nb3 Bf7 31. Nc5 Bxc5 32. Rxc5 Nd4 33. Bc4
Ne6 34. Bxe6 Bxe6 35. Rac1 Rf7 36. Qe2 Bd7 37. Rc7 Qe6 38. Kh2 g5 39. R1c5 Bb5
40. Qd2 Raf8 41. f3 Kg7 42. Rd5 Rxc7 43. Bxc7 Rf7 44. Bb6 Rd7 45. Rxd7+ Qxd7
46. Qc3 h6 47. Qc5 Kf7 48. Qf2 Kg6 49. Qc2 h5 50. Qb3 Qf7 51. Qc2 Qd7 52. Bf2
h4 53. Bb6 Kg7 54. Qc5 Kf7 55. Bc7 Bf1 56. Bb6 Qd2 57. Qf2 Qxf2 1/2-1/2

[Event "ETCC"]
[Site "Plovdiv"]
[Date "2003.10.17"]
[Round "6.9"]
[White "Jenni, Florian"]
[Black "Babula, Vlastimil"]
[Result "0-1"]
[WhiteElo "2522"]
[BlackElo "2567"]
[PlyCount "82"]
[EventDate "2003.10.17"]

1. e4 c5 2. Nf3 d6 3. d4 cxd4 4. Nxd4 Nf6 5. Nc3 a6 6. Be3 Nc6 7. Qd2 e6 8. f3
Be7 9. g4 O-O 10. O-O-O Nxd4 11. Bxd4 b5 12. h4 Nd7 13. g5 Qa5 14. Kb1 b4 15.
Ne2 e5 16. Be3 Nc5 17. c4 Be6 18. Nc1 Qa4 19. b3 Qc6 20. Bh3 a5 21. Bxc5 Qxc5
22. Nd3 Qc8 23. Bxe6 fxe6 24. Rhf1 a4 25. Nb2 axb3 26. axb3 Rf4 27. h5 Qf8 28.
Qg2 Ra3 29. Rd3 d5 30. Qh3 dxe4 31. Qxe6+ Qf7 32. Qc8+ Bf8 33. Rd8 Rxf3 34.
Rfd1 Raxb3 35. Rxf8+ Qxf8 36. Rd8 Rf1+ 37. Kc2 Rc3+ 38. Kd2 e3+ 39. Ke2 Rc2+
40. Kxe3 Rf3+ 41. Ke4 Re2+ 0-1

[Event "ETCC"]
[Site "Plovdiv"]
[Date "2003.10.17"]
[Round "6.13"]
[White "Thorfinnsson, Bjorn"]
[Black "Stevic, Hrvoje"]
[Result "1-0"]
[WhiteElo "2351"]
[BlackElo "2555"]
[PlyCount "105"]
[EventDate "2003.10.17"]

1. d4 g6 2. Nf3 Bg7 3. c3 Nf6 4. Bg5 O-O 5. Nbd2 d6 6. e3 h6 7. Bh4 Qe8 8. Qc2
e5 9. O-O-O Bf5 10. e4 {Diagram #} 10... Nxe4 11. Nxe4 d5 12. Nxe5 Bxe4 13. Nd3
c5 14. dxc5 Na6 15. f3 Bxd3 16. Bxd3 Nxc5 17. Bf2 Rc8 18. Kb1 Qc6 19. h4 b5 20.
h5 g5 21. Bh7+ Kh8 22. Bf5 Rb8 23. Qd2 Rfd8 24. Bd4 a5 25. f4 Ne6 26. Bxe6 Qxe6
27. fxg5 Qf5+ 28. Kc1 Qxg5 29. Qxg5 hxg5 30. Rhf1 Bxd4 31. Rxd4 Kg7 32. Rf5 Kh6
33. g4 Rb7 34. Rdxd5 Rxd5 35. Rxd5 Re7 36. Rxb5 Re4 37. Rxa5 Rxg4 38. Rf5 Rg1+
39. Kc2 g4 40. Rxf7 g3 41. Rf3 Kxh5 42. b4 g2 43. Rg3 Ra1 44. a4 g1=Q 45. Rxg1
Rxg1 46. b5 Kg5 47. b6 Kf6 48. b7 Rg2+ 49. Kb3 Rg1 50. Ka2 Rg8 51. a5 Ke6 52.
a6 Rg2+ 53. Ka3 1-0

[Event "ETCC"]
[Site "Plovdiv"]
[Date "2003.10.17"]
[Round "6.16"]
[White "Fox, Anthony"]
[Black "Rusev, Krasimir"]
[Result "0-1"]
[WhiteElo "2126"]
[BlackElo "2379"]
[PlyCount "66"]
[EventDate "2003.10.17"]

1. e4 c6 2. d3 d5 3. Nd2 e5 4. Ngf3 Nd7 5. g3 Ngf6 6. Bg2 Bd6 7. O-O a5 8. a4
O-O 9. Re1 Re8 10. b3 Bb4 11. Bb2 d4 12. Rf1 b5 13. Nh4 Nc5 14. h3 Rb8 15. Ndf3
Bd7 16. Nxe5 Rxe5 17. Bxd4 Re8 18. c3 Be6 19. Bxf6 Qxf6 20. cxb4 Nxb3 21. Rb1
bxa4 22. e5 Qh6 23. f4 Rxb4 24. Bxc6 Rc8 25. Bg2 f5 26. Nf3 Bd5 27. Re1 a3 28.
Re2 Qc6 29. Rf2 Nc1 30. Rxb4 axb4 31. Ng5 Bxg2 32. Qh5 Qg6 33. Qxg6 hxg6 0-1